000 00555nam a2200193Ia 4500
003 IN-BaIIA
008 211028s9999 xx 000 0 eng d
040 _cIIA Library
080 _a539.153.4
_bMIZ
100 _aMizushima, Masataka
_96556
245 0 _aQuantum mechanics of atomic spectra and atomic structure
_cMasataka Mizushima
260 _aNew York
_bW. A. Benjamin
_c1970
300 _axiv, 419p.
650 _aAtomic Spectra
_91533
650 _aAtomic Structure
_91534
650 _aNASA Thesaurus
650 _aQuantum Mechanics
942 _cBK
999 _c3904
_d3904